| 000 | 00737cam a22002291i 4500 | ||
|---|---|---|---|
| 001 | 6395411 | ||
| 005 | 20141210140358.0 | ||
| 008 | 790226s1926 enk 000 0 eng | ||
| 035 | _a(OCoLC)4691748 | ||
| 040 |
_aDLC _cUSlW _dOCoLC _dDLC |
||
| 042 | _apremarc | ||
| 082 | _a370 | ||
| 100 | 1 |
_aRussell, Bertrand, _d1872-1970. |
|
| 245 | 1 | 0 |
_aOn education especially in early childhood, _cby Bertrand Russell. |
| 260 |
_aLondon, _bGeorge Allen & Unwin ltd. _c[1926] |
||
| 300 |
_a171p, _c19 cm. |
||
| 500 | _a"First published in February, 1926; reprinted September, 1926." | ||
| 500 | _aPublished also in the United States under title: Education and the good life. | ||
| 650 | 0 | _aEducation. | |
| 650 | 0 | _aEducation. | |
| 942 | _2ddc | ||
| 999 |
_c65118 _d65118 |
||